999 Pensieri laici pro e contro l'uomo
Saved in:
| 主要作者: | |
|---|---|
| 格式: | 圖書 |
| 語言: | 英语 |
| 出版: |
Verona
2007
|
| 標簽: |
沒有標簽, 成為第一個標記此記錄!
|
MARC
| LEADER | 00000nam a2200000 4500 | ||
|---|---|---|---|
| 005 | 20240710181832.0 | ||
| 008 | 240710b |||||||| |||| 00| 0 eng d | ||
| 040 | |c GP | ||
| 100 | |a Zanuso, Luigi | ||
| 245 | |a 999 Pensieri laici pro e contro l'uomo | ||
| 260 | |a Verona |c 2007 | ||
| 942 | |2 ddc |c BK |n 0 | ||
| 952 | |0 0 |1 0 |2 ddc |4 0 |6 211_600000000000000_ZAN |7 1 |9 1602 |a RM |b RM |d 2024-07-10 |l 0 |o 211.6 ZAN |p 264 |r 2024-07-10 18:19:10 |w 2024-07-10 |y BK | ||
| 999 | |c 1421 |d 1421 | ||